00475 2200181 4500001002100000005001500021008004100036020002200077035001900099041000700118082001000125090001600135100001900151245003500170260003800205300003000243650002000273INLIS00000000000149020241224112347241224||||||||| | ||| |||| || |  a978-602-0928-17-3 0010-1224001490 aid0 a371.3 a371.3 CHE d0 aCherly Dewanti00aTarget Pasti Lulus UN SMK 2015 aJakartabSerambi Distribusic2015 a224 hlm. : ilus, ; 25 cm. 0aIlmu Pendidikan